John Shalikashvili

Bibliographic Details
Format: Article
Language:Slovak
Subjects:

MARC

LEADER 00000nab a2200000 a 4500
001 vtls000491270
003 SK-MaSNL
005 20260303020510.0
008 150430c xo 0 slo
015 |a SNBRB19rr/mm-uuuuu 
035 |a CL0491408 
040 |a SNKBUCL  |b slo  |c SNKBUCL  |e AACR2 
041 0 |a slo 
044 |a xo  |c SK 
080 |a 355.333(73)  |2 1981 
245 0 0 |a John Shalikashvili 
600 1 7 |a Shalikashvili, John,  |d 1936-  |2 snkbucl  |9 974681 
655 7 |a články z novín a časopisov  |2 snkbucl  |9 267496 
773 0 |t Pravda  |g Roč. 3 (74), č. 187 (13. 8. 1993), s. 13 
850 |a Slovenská národná knižnica v Martine  |a MTA001 
852 |a SNK  |b KIS3GCP 
958 |a RK 
958 |a BC 
992 |a RBX 
999 |c 1618607  |d 1620537